000 01083cam a22002774a 4500
999 _c79584
_d316861
001 12276227
003 MU
005 20211229024544.0
008 010111s2001 mau bf 001 0 eng
020 _a9780631205951
040 _aDLC
_cDLC
_dDLC
050 0 0 _aP302
_b.H344 2001
082 0 0 _a401.41
_bHAD
_221
245 0 4 _aThe handbook of discourse analysis /
_cedited by Deborah Schiffrin, Deborah Tannen, and Heidi Hamilton.
260 _aMalden, Mass. :
_bBlackwell Publishers,
_c2001.
300 _axx, 851 p. ; 26 cm.
504 _aIncludes bibliographical references and index.
650 0 _aDiscourse analysis
_vHandbooks, manuals, etc.
_945059
700 1 _aSchiffrin, Deborah.
_988976
700 1 _aTannen, Deborah.
_988977
700 1 _aHamilton, Heidi Ehernberger.
_988978
942 _2ddc
_cBOOK
440 0 _aBlackwell handbooks in linguistics
_940631
906 _a7
_bcbc
_corignew
_d1
_eocip
_f20
_gy-gencatlg